| 000 | 00580nam a2200229Ia 4500 | ||
|---|---|---|---|
| 008 | 160803s9999 xx 000 0 und d | ||
| 020 | _a9780439278423 | ||
| 100 | _aCuyler, Margery | ||
| 245 | _aWe're going on a lion hunt / | ||
| 245 | _cillustrated by David Axtell. | ||
| 260 | _aNew York : | ||
| 260 | _bScholastic Inc. | ||
| 260 | _c2008 | ||
| 300 | _a1 volume (unpaged) : | ||
| 300 | _bcolor illustrations ; | ||
| 300 | _c27 cm. | ||
| 650 | _aAfrica -- | ||
| 650 | _aLion -- | ||
| 650 | _xJuvenile fiction. | ||
| 650 | _xJuvenile fiction. | ||
| 700 | _aBR | ||
| 999 |
_c298130 _d298130 |
||